Central Library OPAC University of Rajshahi

Taxonomic diversity of angiosperms in Rajshahi region / (Record no. 81919)

MARC details
000 -LEADER
fixed length control field 00948nam a22002537a 4500
001 - CONTROL NUMBER
RUCL Control Number 81919
003 - CONTROL NUMBER IDENTIFIER
rucl marc code BD-RjUL
005 - DATE AND TIME OF LATEST TRANSACTION
control field 20230917154436.0
008 - FIXED-LENGTH DATA ELEMENTS--GENERAL INFORMATION
fixed length control field 230914s2021 bg a|||| m||| 00| 0 eng d
035 ## - SYSTEM CONTROL NUMBER
system control number (BD-RjUL)81919
040 ## - CATALOGING SOURCE
Original cataloging agency BD-RjUL
Language of cataloging eng
Transcribing agency BD-RjUL
Modifying agency BD-RjUL
041 ## - LANGUAGE CODE
Language code of Book eng
082 ## - DEWEY DECIMAL CLASSIFICATION NUMBER
DDC Edition number 23
Classification number 578.0120954924
Author mark and Year RAT 2021
100 ## - MAIN ENTRY--PERSONAL NAME
Personal name Rani, Rony
9 (RLIN) 8848
245 10 - TITLE STATEMENT
Title Taxonomic diversity of angiosperms in Rajshahi region /
Statement of responsibility, etc BY Rony Rani ;
Name of Supervisor/Co-Supervisor Supervisor : A.H.M. Mahbubur Rahman,
260 ## - PUBLICATION, DISTRIBUTION, ETC. (IMPRINT)
Place of publication, distribution, etc Rajshahi :
Name of publisher, distributor, etc Department of Botany, University of Rajshahi,
Date of publication, distribution, etc 2021
300 ## - PHYSICAL DESCRIPTION
Pagination xi, 461 leaves :
Other physical details ill, ;
Dimensions 29.cm.
502 ## - DISSERTATION NOTE
Dissertation note Thesis (Ph. D.) -- Department of Botany, University of Rajshahi, 2021
504 ## - BIBLIOGRAPHY, ETC. NOTE
Bibliography, etc References : Leaves 437 - 461
650 ## - SUBJECT ADDED ENTRY--TOPICAL TERM
Topical term or geographic name as entry element Taxonomy
Form subdivision Rajshahi
9 (RLIN) 8984
Topical term or geographic name as entry element Natural history of organisms and related subjects
Geographic subdivision Bangladesh
9 (RLIN) 7356
700 ## - ADDED ENTRY--SUPERVISOR/CO-SUPERVISOR NAME
Personal name Rahman, A.H.M. Mahbubur, Supervisor
9 (RLIN) 8850
942 ## - ADDED ENTRY ELEMENTS (KOHA)
Source of classification or shelving scheme Dewey Decimal Classification
Koha item type Theses
Holdings
Source of classification or shelving scheme Damaged status Not for loan Collection code Permanent Location Current Location Shelving location Date of accession Source of acquisition Total Checkouts Full call number Barcode Date last seen Copy number Thesis
Dewey Decimal Classification   Not For Loan Theses Central Library, University of Rajshahi Central Library, University of Rajshahi Documentation Section 02/03/2023 Controller of Exam. R. U.   THE 578.0120954924 RAT 2021 D4711 14/09/2023 C-1 Theses